Sports Quiz

Random Sports or Baseball Quiz

MLB Players with Y 1st Names Quiz Stats

 Plays Quiz not verified by Sporcle

Score 0/17 Timer 05:00
0 Plays Today
% Correct
Yadier
98.3%
Yogi
94.8%
Yasiel
94.8%
Yoenis
92.2%
Yu
92.2%
Yovani
83.6%
Yunel
81%
Yonder
79.3%
Yan
79.3%
% Correct
Yuniesky
79.3%
Yasmani
71.6%
Yangervis
69%
Yusmeiro
62.9%
Yhency
51.7%
Yoel
44%
Yoslan
40.5%
Yunesky
39.7%

You're not logged in!

Compare scores with friends on all Sporcle quizzes.
Join for Free
OR
Log In

You Might Also Like...

Show Comments

Extras

Top Quizzes Today


Score Distribution

Your Account Isn't Verified!

In order to create a playlist on Sporcle, you need to verify the email address you used during registration. Go to your Sporcle Settings to finish the process.

Report this User

Report this user for behavior that violates our Community Guidelines.

Details: